| 000 | 01229cam a22003134a 4500 | ||
|---|---|---|---|
| 999 |
_c41781 _d41781 |
||
| 001 | 13135999 | ||
| 003 | OSt | ||
| 005 | 20221109113409.0 | ||
| 008 | 030325s2004 nyua b 001 0 eng | ||
| 010 | _a 2003048463 | ||
| 020 | _a0521809347 (hb) | ||
| 020 | _a0521006333 (pbk.) | ||
| 040 |
_aDLC _cDLC _dDLC |
||
| 042 | _apcc | ||
| 050 | 0 | 0 |
_aQH430 _b.R55 2004 |
| 082 | 0 | 0 |
_a576.5 _221 _bRIN/F |
| 100 | 1 |
_aRingo, John, _d1943- _99288 |
|
| 245 | 1 | 0 |
_aFundamental genetics / _cJohn Ringo. |
| 260 |
_aNew York : _bCambridge University Press, _c2004. |
||
| 300 |
_aix, 462 p. : _bill. ; _c25 cm. |
||
| 504 | _aIncludes bibliographical references and index. | ||
| 650 | 0 | _aGenetics. | |
| 856 | 4 | 1 |
_3Sample text _uhttp://www.loc.gov/catdir/samples/cam041/2003048463.html |
| 856 | 4 | 2 |
_3Publisher description _uhttp://www.loc.gov/catdir/description/cam032/2003048463.html |
| 856 | 4 | 1 |
_3Table of contents _uhttp://www.loc.gov/catdir/toc/cam032/2003048463.html |
| 906 |
_a7 _bcbc _corignew _d1 _eocip _f20 _gy-gencatlg |
||
| 942 |
_2ddc _cBK _h576.5 _iRIN/F _k576.5 _mRIN/F |
||